| 000 | 01316nam a22001937a 4500 | ||
|---|---|---|---|
| 999 |
_c63136 _d63136 |
||
| 003 | Ge_BSU | ||
| 005 | 20250610163717.0 | ||
| 008 | 250610s2007 ge ||||| |||| 00| 0 geo d | ||
| 020 | _a9994046969 | ||
| 041 | _ageo | ||
| 080 | _a371.1 : 37.014.15(479.22) ს-21 | ||
| 245 |
_aსამაგიდო წიგნი სკოლის მართვის საკითხებზე : _bსაკანონმდებლო ბაზა, პროფესიული უნარები, ფუნქციური წერა, კადრების მართვა, ხელშეკრულებები : ტესტები და სავარჯ. ინდივიდ. მუშაობისათვის / _cგანვითარების ჯგუფი; [სარედ. ჯგუფი: ალუდა გოგლიჩიძე და სხვ.]. |
||
| 264 |
_aთბ. : _bმერიდიანი, _c2007. |
||
| 300 |
_a292 გვ. ; _b29 სმ. |
||
| 653 | _aსკოლის მართვა | ||
| 653 | _aსაქართველოს კანონები განათლების შესახებ | ||
| 700 |
_aგოგლიჩიძე, ალუდა _eრედაქტორი _925361 |
||
| 942 |
_2udc _cᲬᲘᲒᲜᲘ |
||